La Izquierda costarricense en el límite de sus posibilidades /
Guardado en:
| Autor principal: | |
|---|---|
| Formato: | Texto |
| Materias: | |
| Etiquetas: |
Agregar Etiqueta
Sin Etiquetas, Sea el primero en etiquetar este registro!
|
MARC
| LEADER | 00000 a a2200000 04500 | ||
|---|---|---|---|
| 001 | 1603 | ||
| 003 | |||
| 040 | |||
| 100 | |a Pérez, Danilo | ||
| 245 | |a La Izquierda costarricense en el límite de sus posibilidades / |c Danilo Pérez | ||
| 650 | |a PARTIDOS POLITICOS | ||
| 773 | |g número 23; páginas 46-48 | ||
| 999 | |c 24056 |d 24056 | ||
